Fastenpredigten

Сохранить в:  
Библиографические подробности
Главный автор: Lafiteau, Pierre François (Автор)
Формат: Print
Язык:Немецкий
Слжба доставки Subito: Заказать сейчас.
Проверить наличие: HBZ Gateway
Interlibrary Loan:Interlibrary Loan for the Fachinformationsdienste (Specialized Information Services in Germany)
Опубликовано: Wien 17XX-
В:Год: 1762
Тома / Статьи:Показать тома/статьи.

MARC

LEADER 00000cam a22000002ca4500
001 1103536524
003 DE-627
005 20240808223521.0
007 tu
008 930601n17uuuuuuxx ||||| 00| ||ger c
024 7 |a VD18 80006760-ddd  |2 vd18 
024 7 |z VD18 15620832-001  |2 vd18 
035 |a (DE-627)1103536524 
035 |a (DE-576)03353652X 
035 |a (DE-599)BSZ03353652X 
040 |a DE-627  |b ger  |c DE-627  |e rakwb 
041 |a ger 
100 1 |0 (DE-627)1237726239  |0 (DE-576)167726234  |4 aut  |a Lafiteau, Pierre François 
109 |a Lafiteau, Pierre François  |a Lafiteau, Pierre F.  |a Lafitau, Pierre François  |a Lafiteau, Pierre-François  |a Lafitau, Franz 
190 |j 1762 
240 1 0 |a Sermons <dt.> 
243 1 0 |a Sammlung 
245 1 0 |a Fastenpredigten  |c Franz Lafitau 
264 1 |a Wien  |c 17XX- 
336 |a Text  |b txt  |2 rdacontent 
337 |a ohne Hilfsmittel zu benutzen  |b n  |2 rdamedia 
338 |a Band  |b nc  |2 rdacarrier 
500 |a Übers 
583 1 |a Digitalisiert  |f VD18  |2 pdager  |5 DE-12 
601 |a Fastenpredigt 
700 1 2 |a Lafiteau, Pierre François  |t Sermons <dt.> 
751 |a Wien  |0 (DE-588)4066009-6  |0 (DE-627)106115952  |0 (DE-576)209161965  |4 pup 
912 |a vd18 
951 |a MC 
ELC |b 1 
ITA |a 1  |t 1 
LOK |0 000 xxxxxcx a22 zn 4500 
LOK |0 001 2207920836 
LOK |0 003 DE-627 
LOK |0 004 1103536524 
LOK |0 005 20171204091246 
LOK |0 008 930601||||||||||||||||ger||||||| 
LOK |0 040   |a DE-21  |c DE-627  |d DE-21 
LOK |0 852   |a DE-21 
LOK |0 852 1  |9 00 
LOK |0 935   |a abe5  |a vd18 
LOK |0 939   |a 01-06-93  |b l01 
ORI |a SA-MARC-ixtheob001.raw 
SPR |a 1  |t IXT